000 00626nam a2200229 i 4500
001 C2-0307211
003 PPAK
005 20180728093851.0
008 110113s1986 io |||| ||||| | may d
040 _aPPAK
_beng
_cPPAK
_erda
082 0 4 _a899.2211
_223
090 0 0 _a899.2211
_bMAU
_dKIH
100 0 _aSani Farid,
_c Maulana
_eauthor
245 1 0 _aKrematorium matahari
264 1 _aBandong, Indonesia :
_bKelompok Sepuluh ,
_c1986
300 _a34 pages ;
_c18 cm
336 _2rdacontent
_atext
337 _2rdamedia
_aunmediated
338 _2rdacarrier
_avolume
650 1 0 _aIndonesian poetry
942 _ddc
_cB
999 _c109984
_d109984